Hướng dẫn ôn tập môn lịch sử Đảng cộng sản VIệt Nam

Gespeichert in:
Bibliographische Detailangaben
1. Verfasser: Phạm Văn Hùng
Format: Buch
Sprache:Undetermined
Veröffentlicht: H. Giáo Dục 1999
Schlagworte:
Tags: Tag hinzufügen
Keine Tags, Fügen Sie den ersten Tag hinzu!
Thư viện lưu trữ: Trung tâm Học liệu Trường Đại học Cần Thơ
LEADER 00611nam a2200193Ia 4500
001 CTU_52926
008 210402s9999 xx 000 0 und d
020 |b 7500 
082 |a 324.2597075 
082 |b H513 
100 |a Phạm Văn Hùng 
245 0 |a Hướng dẫn ôn tập môn lịch sử Đảng cộng sản VIệt Nam 
245 0 |c Phạm Văn Hùng, Nguyễn Đức Chiến và Đỗ Quang An 
260 |a H. 
260 |b Giáo Dục 
260 |c 1999 
650 |a communist parties 
650 |z vietnam 
980 |a Trung tâm Học liệu Trường Đại học Cần Thơ